[Event "April 9 Early 2024"]
[Site "Chess.com"]
[Date "2024.04.09"]
[Round "6"]
[White "Collins, Adam"]
[Black "Dixit, Nikhil"]
[Result "1-0"]
[Board "131"]
[WhiteFideId "2512300"]
[BlackFideId "5059534"]
[WhiteTitle "CM"]
[BlackTitle "FM"]
[WhiteElo "2499"]
[BlackElo "2622"]
[WhiteTeam "IRL"]
[BlackTeam "IND"]
[WhiteClock "0:01:03"]
[BlackClock "0:00:26"]
[Variant "Standard"]

1. Nf3 {[%clk 0:03:00]}  Nf6 {[%clk 0:02:51]} 2. e3 {[%clk 0:03:00]}  g6 {[%clk 0:02:51]} 3. b3 {[%clk 0:03:00]}  Bg7 {[%clk 0:02:52]} 4. Bb2 {[%clk 0:03:00]}  O-O {[%clk 0:02:52]} 5. Be2 {[%clk 0:03:01]}  d6 {[%clk 0:02:52]} 6. O-O {[%clk 0:03:01]}  e5 {[%clk 0:02:50]} 7. d4 {[%clk 0:03:01]}  e4 {[%clk 0:02:50]} 8. Nfd2 {[%clk 0:03:01]}  d5 {[%clk 0:02:50]} 9. c4 {[%clk 0:03:02]}  c6 {[%clk 0:02:51]} 10. Nc3 {[%clk 0:03:02]}  h5 {[%clk 0:02:50]} 11. Rc1 {[%clk 0:03:01]}  Ng4 {[%clk 0:02:46]} 12. h3 {[%clk 0:02:58]}  Nh6 {[%clk 0:02:44]} 13. b4 {[%clk 0:02:43]}  Qh4 {[%clk 0:02:20]} 14. cxd5 {[%clk 0:02:32]}  cxd5 {[%clk 0:02:10]} 15. Nxd5 {[%clk 0:02:31]}  Nc6 {[%clk 0:02:04]} 16. b5 {[%clk 0:02:30]}  Nd8 {[%clk 0:01:51]} 17. Ba3 {[%clk 0:02:18]}  Bxh3 {[%clk 0:01:50]} 18. gxh3 {[%clk 0:02:03]}  Qxh3 {[%clk 0:01:51]} 19. Nxe4 {[%clk 0:01:56]}  Ne6 {[%clk 0:01:45]} 20. Bxf8 {[%clk 0:01:48]}  Rxf8 {[%clk 0:01:44]} 21. Bf3 {[%clk 0:01:42]}  Nf5 {[%clk 0:01:39]} 22. Bg2 {[%clk 0:01:38]}  Qh4 {[%clk 0:01:39]} 23. Nc7 {[%clk 0:01:26]}  Nfxd4 {[%clk 0:00:49]} 24. exd4 {[%clk 0:01:21]}  Nf4 {[%clk 0:00:49]} 25. Ng3 {[%clk 0:01:11]}  Qg5 {[%clk 0:00:42]} 26. Qf3 {[%clk 0:01:06]}  h4 {[%clk 0:00:42]} 27. Ne4 {[%clk 0:01:06]}  Qf5 {[%clk 0:00:26]} 28. Rc5 {[%clk 0:01:03]} 1-0

[Event "April 9 Early 2024"]
[Site "Chess.com"]
[Date "2024.04.09"]
[Round "6"]
[White "Savitha Shri B"]
[Black "Camacho Collados, Jose"]
[Result "0-1"]
[Board "133"]
[WhiteFideId "35061887"]
[BlackFideId "2265427"]
[WhiteTitle "WGM"]
[BlackTitle "IM"]
[WhiteElo "2494"]
[BlackElo "2612"]
[WhiteTeam "IND"]
[BlackTeam "WLS"]
[WhiteClock "0:00:10"]
[BlackClock "0:00:32"]
[Variant "Standard"]

1. Nf3 {[%clk 0:02:53]}  d5 {[%clk 0:02:57]} 2. g3 {[%clk 0:02:53]}  g6 {[%clk 0:02:56]} 3. Bg2 {[%clk 0:02:53]}  Bg7 {[%clk 0:02:56]} 4. O-O {[%clk 0:02:53]}  Nf6 {[%clk 0:02:56]} 5. d4 {[%clk 0:02:54]}  O-O {[%clk 0:02:56]} 6. Ne5 {[%clk 0:02:53]}  Ng4 {[%clk 0:02:55]} 7. Nxg4 {[%clk 0:02:51]}  Bxg4 {[%clk 0:02:56]} 8. h3 {[%clk 0:02:51]}  Bf5 {[%clk 0:02:53]} 9. c4 {[%clk 0:02:51]}  c6 {[%clk 0:02:50]} 10. cxd5 {[%clk 0:02:48]}  cxd5 {[%clk 0:02:51]} 11. Nc3 {[%clk 0:02:48]}  Nc6 {[%clk 0:02:45]} 12. Be3 {[%clk 0:02:40]}  Be6 {[%clk 0:02:41]} 13. Rc1 {[%clk 0:02:35]}  Rc8 {[%clk 0:02:40]} 14. Na4 {[%clk 0:02:33]}  Qa5 {[%clk 0:02:35]} 15. Nc5 {[%clk 0:02:31]}  Qxa2 {[%clk 0:02:24]} 16. Nxe6 {[%clk 0:02:27]}  fxe6 {[%clk 0:02:24]} 17. Qd2 {[%clk 0:02:16]}  Qb3 {[%clk 0:02:08]} 18. Rc3 {[%clk 0:02:15]}  Qb4 {[%clk 0:02:06]} 19. Rd1 {[%clk 0:02:09]}  Qb6 {[%clk 0:01:42]} 20. h4 {[%clk 0:01:57]}  Na5 {[%clk 0:01:42]} 21. Rdc1 {[%clk 0:01:39]}  Nb3 {[%clk 0:01:36]} 22. Rxc8 {[%clk 0:01:35]}  Nxd2 {[%clk 0:01:36]} 23. Rxf8+ {[%clk 0:01:36]}  Kxf8 {[%clk 0:01:31]} 24. Bxd2 {[%clk 0:01:36]}  Qxb2 {[%clk 0:01:24]} 25. Rc8+ {[%clk 0:01:33]}  Kf7 {[%clk 0:01:24]} 26. Bg5 {[%clk 0:01:32]}  Qxd4 {[%clk 0:01:16]} 27. Rc7 {[%clk 0:01:06]}  Bf6 {[%clk 0:01:13]} 28. Be3 {[%clk 0:01:06]}  Qd1+ {[%clk 0:01:09]} 29. Kh2 {[%clk 0:01:05]}  Qxe2 {[%clk 0:01:05]} 30. Bxa7 {[%clk 0:01:03]}  b5 {[%clk 0:01:02]} 31. Bc5 {[%clk 0:00:58]}  d4 {[%clk 0:00:59]} 32. Kh3 {[%clk 0:00:43]}  Qxf2 {[%clk 0:00:51]} 33. Rb7 {[%clk 0:00:32]}  Be5 {[%clk 0:00:46]} 34. Rxe7+ {[%clk 0:00:30]}  Kf6 {[%clk 0:00:46]} 35. Kh2 {[%clk 0:00:21]}  Bxg3+ {[%clk 0:00:39]} 36. Kh3 {[%clk 0:00:10]}  Be5 {[%clk 0:00:32]} 0-1

[Event "April 9 Early 2024"]
[Site "Chess.com"]
[Date "2024.04.09"]
[Round "6"]
[White "Hua, Lefong"]
[Black "Hnatyshyn, Anastasiia"]
[Result "1-0"]
[Board "134"]
[WhiteFideId "2602253"]
[BlackFideId "14198339"]
[WhiteTitle "FM"]
[BlackTitle "WFM"]
[WhiteElo "2611"]
[BlackElo "2476"]
[WhiteTeam "CAN"]
[BlackTeam "UKR"]
[WhiteClock "0:00:44"]
[BlackClock "0:00:00"]
[Variant "Standard"]

1. d4 {[%clk 0:03:00]}  e6 {[%clk 0:02:59]} 2. c4 {[%clk 0:03:01]}  d5 {[%clk 0:02:59]} 3. Nc3 {[%clk 0:03:01]}  Nf6 {[%clk 0:02:56]} 4. cxd5 {[%clk 0:03:01]}  exd5 {[%clk 0:02:56]} 5. Bg5 {[%clk 0:03:01]}  Be7 {[%clk 0:02:56]} 6. e3 {[%clk 0:03:02]}  c6 {[%clk 0:02:56]} 7. Bd3 {[%clk 0:03:02]}  O-O {[%clk 0:02:57]} 8. Qc2 {[%clk 0:03:02]}  h6 {[%clk 0:02:56]} 9. Bh4 {[%clk 0:03:02]}  Re8 {[%clk 0:02:56]} 10. Nge2 {[%clk 0:03:02]}  Nbd7 {[%clk 0:02:57]} 11. O-O {[%clk 0:03:02]}  Nf8 {[%clk 0:02:56]} 12. f3 {[%clk 0:03:02]}  Ne6 {[%clk 0:02:29]} 13. Bf2 {[%clk 0:02:59]}  b6 {[%clk 0:02:23]} 14. Rad1 {[%clk 0:02:58]}  Bb7 {[%clk 0:02:23]} 15. h3 {[%clk 0:02:55]}  c5 {[%clk 0:02:21]} 16. Bb5 {[%clk 0:02:45]}  Rf8 {[%clk 0:02:07]} 17. e4 {[%clk 0:02:44]}  Rc8 {[%clk 0:01:36]} 18. e5 {[%clk 0:02:25]}  Ne8 {[%clk 0:01:23]} 19. f4 {[%clk 0:02:19]}  cxd4 {[%clk 0:01:09]} 20. Nxd4 {[%clk 0:02:16]}  Nxf4 {[%clk 0:01:04]} 21. Qf5 {[%clk 0:02:02]}  Ng6 {[%clk 0:00:50]} 22. e6 {[%clk 0:01:54]}  Nd6 {[%clk 0:00:47]} 23. exf7+ {[%clk 0:01:52]}  Kh7 {[%clk 0:00:46]} 24. Qd3 {[%clk 0:01:19]}  Rxf7 {[%clk 0:00:39]} 25. Ne6 {[%clk 0:01:12]}  Qg8 {[%clk 0:00:34]} 26. Nxd5 {[%clk 0:01:08]}  Nxb5 {[%clk 0:00:18]} 27. Ndf4 {[%clk 0:00:59]}  Rf6 {[%clk 0:00:15]} 28. Nxg6 {[%clk 0:00:58]}  Rxg6 {[%clk 0:00:06]} 29. Nf4 {[%clk 0:00:55]}  Qf7 {[%clk 0:00:06]} 30. Qxg6+ {[%clk 0:00:45]}  Qxg6 {[%clk 0:00:06]} 31. Nxg6 {[%clk 0:00:46]}  Kxg6 {[%clk 0:00:07]} 32. Rd7 {[%clk 0:00:47]}  Rc7 {[%clk 0:00:07]} 33. Rfd1 {[%clk 0:00:47]}  Be4 {[%clk 0:00:00]} 34. a4 {[%clk 0:00:44]} 1-0

[Event "April 9 Early 2024"]
[Site "Chess.com"]
[Date "2024.04.09"]
[Round "6"]
[White "Melikhov, Evgeny V."]
[Black "Grutter, Tim"]
[Result "0-1"]
[Board "135"]
[WhiteFideId "4122046"]
[BlackFideId "1057472"]
[WhiteTitle "FM"]
[BlackTitle "FM"]
[WhiteElo "2472"]
[BlackElo "2604"]
[WhiteTeam "GRE"]
[BlackTeam "NED"]
[WhiteClock "0:00:01"]
[BlackClock "0:00:31"]
[Variant "Standard"]

1. d4 {[%clk 0:03:00]}  c6 {[%clk 0:03:00]} 2. c4 {[%clk 0:03:00]}  d5 {[%clk 0:03:01]} 3. Nc3 {[%clk 0:03:00]}  Nf6 {[%clk 0:03:00]} 4. e3 {[%clk 0:03:00]}  e6 {[%clk 0:03:00]} 5. Nf3 {[%clk 0:03:00]}  Bd6 {[%clk 0:02:59]} 6. Bd3 {[%clk 0:03:00]}  Nbd7 {[%clk 0:03:00]} 7. O-O {[%clk 0:03:00]}  O-O {[%clk 0:02:59]} 8. e4 {[%clk 0:03:00]}  dxe4 {[%clk 0:02:58]} 9. Nxe4 {[%clk 0:03:00]}  Nxe4 {[%clk 0:02:58]} 10. Bxe4 {[%clk 0:03:01]}  Nf6 {[%clk 0:02:58]} 11. Bc2 {[%clk 0:03:01]}  c5 {[%clk 0:02:58]} 12. Bg5 {[%clk 0:02:57]}  h6 {[%clk 0:02:56]} 13. Bh4 {[%clk 0:02:53]}  cxd4 {[%clk 0:02:55]} 14. Qxd4 {[%clk 0:02:45]}  Be7 {[%clk 0:02:50]} 15. Qf4 {[%clk 0:02:21]}  Qd6 {[%clk 0:02:21]} 16. Ne5 {[%clk 0:02:06]}  Nh5 {[%clk 0:02:09]} 17. Qe4 {[%clk 0:01:51]}  f5 {[%clk 0:02:09]} 18. Bxe7 {[%clk 0:01:45]}  Qxe7 {[%clk 0:02:10]} 19. Qf3 {[%clk 0:01:16]}  Qg5 {[%clk 0:02:02]} 20. h4 {[%clk 0:01:14]}  Qf4 {[%clk 0:01:45]} 21. Qxf4 {[%clk 0:00:57]}  Nxf4 {[%clk 0:01:46]} 22. Rfe1 {[%clk 0:00:56]}  b6 {[%clk 0:01:39]} 23. g3 {[%clk 0:00:55]}  Nh5 {[%clk 0:01:39]} 24. Rad1 {[%clk 0:00:54]}  Nf6 {[%clk 0:01:38]} 25. Rd6 {[%clk 0:00:30]}  Re8 {[%clk 0:01:21]} 26. b4 {[%clk 0:00:18]}  Bb7 {[%clk 0:01:19]} 27. Nd7 {[%clk 0:00:13]}  Ne4 {[%clk 0:01:11]} 28. Bxe4 {[%clk 0:00:12]}  Bxe4 {[%clk 0:01:12]} 29. c5 {[%clk 0:00:11]}  Rad8 {[%clk 0:01:04]} 30. Red1 {[%clk 0:00:09]}  Bd5 {[%clk 0:01:00]} 31. Ne5 {[%clk 0:00:03]}  Rc8 {[%clk 0:00:52]} 32. cxb6 {[%clk 0:00:03]}  axb6 {[%clk 0:00:53]} 33. Rxb6 {[%clk 0:00:03]}  Bxa2 {[%clk 0:00:49]} 34. Rd7 {[%clk 0:00:04]}  Bd5 {[%clk 0:00:49]} 35. f3 {[%clk 0:00:04]}  Rc1+ {[%clk 0:00:48]} 36. Kf2 {[%clk 0:00:04]}  Rec8 {[%clk 0:00:48]} 37. Rbd6 {[%clk 0:00:02]}  R8c2+ {[%clk 0:00:46]} 38. Ke3 {[%clk 0:00:03]}  Rc3+ {[%clk 0:00:46]} 39. Kf4 {[%clk 0:00:03]}  Rb1 {[%clk 0:00:38]} 40. h5 {[%clk 0:00:03]}  Rxb4+ {[%clk 0:00:37]} 41. Nc4 {[%clk 0:00:01]}  Rxf3+ {[%clk 0:00:31]} 42. Ke5 {[%clk 0:00:01]}  Rxc4 {[%clk 0:00:31]} 43. Rd8+ {[%clk 0:00:01]}  Kh7 {[%clk 0:00:31]} 44. Rb8 {[%clk 0:00:01]}  Re4# {[%clk 0:00:31]} 0-1

[Event "April 9 Early 2024"]
[Site "Chess.com"]
[Date "2024.04.09"]
[Round "6"]
[White "Goldin, Roman"]
[Black "Bartel, Michal"]
[Result "0-1"]
[Board "138"]
[WhiteFideId "2803860"]
[BlackFideId "1119257"]
[WhiteTitle "FM"]
[BlackTitle "FM"]
[WhiteElo "2345"]
[BlackElo "2590"]
[WhiteTeam "ISR"]
[BlackTeam "POL"]
[WhiteClock "0:00:05"]
[BlackClock "0:01:07"]
[Variant "Standard"]

1. e4 {[%clk 0:02:59]}  e5 {[%clk 0:03:00]} 2. Nf3 {[%clk 0:02:59]}  Nc6 {[%clk 0:03:00]} 3. Nc3 {[%clk 0:02:59]}  g6 {[%clk 0:03:01]} 4. d4 {[%clk 0:02:58]}  exd4 {[%clk 0:03:02]} 5. Nxd4 {[%clk 0:02:58]}  Bg7 {[%clk 0:03:02]} 6. Be3 {[%clk 0:02:58]}  Nf6 {[%clk 0:03:02]} 7. Qd2 {[%clk 0:02:54]}  O-O {[%clk 0:03:02]} 8. O-O-O {[%clk 0:02:51]}  Re8 {[%clk 0:03:02]} 9. f3 {[%clk 0:02:50]}  d5 {[%clk 0:03:01]} 10. Nxc6 {[%clk 0:02:46]}  bxc6 {[%clk 0:03:02]} 11. Bg5 {[%clk 0:02:46]}  Qd6 {[%clk 0:02:59]} 12. exd5 {[%clk 0:02:31]}  Nxd5 {[%clk 0:02:55]} 13. Nxd5 {[%clk 0:02:30]}  cxd5 {[%clk 0:02:55]} 14. Qxd5 {[%clk 0:02:18]}  Qb6 {[%clk 0:02:47]} 15. Bb5 {[%clk 0:02:03]}  Bb7 {[%clk 0:02:17]} 16. Qb3 {[%clk 0:01:49]}  Re5 {[%clk 0:02:10]} 17. Rd7 {[%clk 0:00:49]}  Rf8 {[%clk 0:02:09]} 18. Bc4 {[%clk 0:00:34]}  Qxb3 {[%clk 0:01:52]} 19. axb3 {[%clk 0:00:29]}  Rxg5 {[%clk 0:01:52]} 20. Rxc7 {[%clk 0:00:29]}  Ba8 {[%clk 0:01:31]} 21. Rxa7 {[%clk 0:00:29]}  Rxg2 {[%clk 0:01:30]} 22. Bxf7+ {[%clk 0:00:28]}  Kh8 {[%clk 0:01:26]} 23. h4 {[%clk 0:00:22]}  Bxf3 {[%clk 0:01:26]} 24. b4 {[%clk 0:00:18]}  Be4 {[%clk 0:01:23]} 25. Bb3 {[%clk 0:00:15]}  Rgf2 {[%clk 0:01:09]} 26. b5 {[%clk 0:00:05]}  Bxh1 {[%clk 0:01:07]} 0-1

[Event "April 9 Early 2024"]
[Site "Chess.com"]
[Date "2024.04.09"]
[Round "6"]
[White "Rouast, Joseph"]
[Black "Bilan, Danila"]
[Result "0-1"]
[Board "140"]
[WhiteFideId "45147000"]
[BlackFideId "24161918"]
[WhiteTitle "CM"]
[BlackTitle "FM"]
[WhiteElo "2285"]
[BlackElo "2572"]
[WhiteTeam "FRA"]
[BlackTeam "RUS"]
[WhiteClock "0:00:14"]
[BlackClock "0:00:09"]
[Variant "Standard"]

1. e4 {[%clk 0:02:59]}  c5 {[%clk 0:02:59]} 2. Nf3 {[%clk 0:02:53]}  a6 {[%clk 0:02:57]} 3. c4 {[%clk 0:02:52]}  Nc6 {[%clk 0:02:56]} 4. Nc3 {[%clk 0:02:52]}  Nf6 {[%clk 0:02:56]} 5. d4 {[%clk 0:02:43]}  cxd4 {[%clk 0:02:52]} 6. Nxd4 {[%clk 0:02:44]}  e5 {[%clk 0:02:49]} 7. Nf5 {[%clk 0:02:40]}  d6 {[%clk 0:02:23]} 8. Ne3 {[%clk 0:02:38]}  g6 {[%clk 0:01:59]} 9. Ned5 {[%clk 0:02:38]}  Bg7 {[%clk 0:01:57]} 10. Bg5 {[%clk 0:02:35]}  h6 {[%clk 0:01:55]} 11. Bxf6 {[%clk 0:02:35]}  Bxf6 {[%clk 0:01:55]} 12. Be2 {[%clk 0:02:35]}  O-O {[%clk 0:01:54]} 13. O-O {[%clk 0:02:34]}  Bg7 {[%clk 0:01:46]} 14. Qd2 {[%clk 0:02:27]}  f5 {[%clk 0:01:38]} 15. exf5 {[%clk 0:02:26]}  Bxf5 {[%clk 0:01:25]} 16. Bd3 {[%clk 0:02:23]}  Nd4 {[%clk 0:01:16]} 17. Bxf5 {[%clk 0:02:17]}  gxf5 {[%clk 0:01:17]} 18. f4 {[%clk 0:02:12]}  Rc8 {[%clk 0:00:58]} 19. b3 {[%clk 0:01:59]}  Rf7 {[%clk 0:00:52]} 20. fxe5 {[%clk 0:01:55]}  dxe5 {[%clk 0:00:50]} 21. Rad1 {[%clk 0:01:50]}  Qg5 {[%clk 0:00:49]} 22. Ne2 {[%clk 0:01:41]}  Ne6 {[%clk 0:00:35]} 23. Qxg5 {[%clk 0:01:35]}  hxg5 {[%clk 0:00:34]} 24. Rxf5 {[%clk 0:01:34]}  Rxf5 {[%clk 0:00:25]} 25. Ne7+ {[%clk 0:01:34]}  Kf7 {[%clk 0:00:25]} 26. Nxf5 {[%clk 0:01:34]}  Rc7 {[%clk 0:00:22]} 27. Neg3 {[%clk 0:01:32]}  Nf4 {[%clk 0:00:19]} 28. Ne4 {[%clk 0:01:30]}  g4 {[%clk 0:00:15]} 29. g3 {[%clk 0:01:14]}  Ne6 {[%clk 0:00:11]} 30. Nf2 {[%clk 0:01:10]}  Kf6 {[%clk 0:00:08]} 31. Nxg7 {[%clk 0:01:05]}  Rxg7 {[%clk 0:00:09]} 32. Rd6 {[%clk 0:01:01]}  Kf5 {[%clk 0:00:09]} 33. Kf1 {[%clk 0:00:57]}  Ng5 {[%clk 0:00:09]} 34. Ke2 {[%clk 0:00:56]}  Nf3 {[%clk 0:00:09]} 35. h4 {[%clk 0:00:54]}  Nd4+ {[%clk 0:00:08]} 36. Kd3 {[%clk 0:00:51]}  Ne6 {[%clk 0:00:04]} 37. Ne4 {[%clk 0:00:46]}  Rg8 {[%clk 0:00:03]} 38. Ke3 {[%clk 0:00:42]}  Rf8 {[%clk 0:00:02]} 39. Rd7 {[%clk 0:00:38]}  Nd4 {[%clk 0:00:03]} 40. Rxb7 {[%clk 0:00:31]}  Nc2+ {[%clk 0:00:03]} 41. Kd2 {[%clk 0:00:27]}  Kxe4 {[%clk 0:00:02]} 42. Kxc2 {[%clk 0:00:27]}  Rf2+ {[%clk 0:00:03]} 43. Kc3 {[%clk 0:00:24]}  Rxa2 {[%clk 0:00:04]} 44. Rf7 {[%clk 0:00:19]}  Rg2 {[%clk 0:00:04]} 45. h5 {[%clk 0:00:19]}  Rxg3+ {[%clk 0:00:04]} 46. Kb4 {[%clk 0:00:19]}  Rh3 {[%clk 0:00:05]} 47. Rf6 {[%clk 0:00:17]}  Rxh5 {[%clk 0:00:05]} 48. Rxa6 {[%clk 0:00:17]}  Rg5 {[%clk 0:00:06]} 49. Ra1 {[%clk 0:00:16]}  g3 {[%clk 0:00:06]} 50. Rg1 {[%clk 0:00:17]}  g2 {[%clk 0:00:06]} 51. c5 {[%clk 0:00:17]}  Kf3 {[%clk 0:00:07]} 52. c6 {[%clk 0:00:18]}  Kf2 {[%clk 0:00:07]} 53. c7 {[%clk 0:00:15]}  Rg8 {[%clk 0:00:07]} 54. Ra1 {[%clk 0:00:13]}  g1=Q {[%clk 0:00:06]} 55. Rxg1 {[%clk 0:00:12]}  Kxg1 {[%clk 0:00:07]} 56. Kc5 {[%clk 0:00:12]}  e4 {[%clk 0:00:08]} 57. b4 {[%clk 0:00:13]}  e3 {[%clk 0:00:08]} 58. b5 {[%clk 0:00:13]}  e2 {[%clk 0:00:08]} 59. b6 {[%clk 0:00:14]}  e1=Q {[%clk 0:00:09]} 60. b7 {[%clk 0:00:14]}  Qc3+ {[%clk 0:00:09]} 61. Kd6 {[%clk 0:00:14]}  Qd4+ {[%clk 0:00:09]} 62. Kc6 {[%clk 0:00:14]}  Rg6+ {[%clk 0:00:09]} 0-1

[Event "April 9 Early 2024"]
[Site "Chess.com"]
[Date "2024.04.09"]
[Round "6"]
[White "Jaskolka, Tomasz"]
[Black "Caku, Kler"]
[Result "1-0"]
[Board "141"]
[WhiteFideId "1170791"]
[BlackFideId "4704703"]
[WhiteTitle "CM"]
[BlackTitle "WCM"]
[WhiteElo "2565"]
[BlackElo "2212"]
[WhiteTeam "POL"]
[BlackTeam "ALB"]
[WhiteClock "0:01:39"]
[BlackClock "0:00:07"]
[Variant "Standard"]

1. e4 {[%clk 0:03:00]}  e5 {[%clk 0:03:00]} 2. Nc3 {[%clk 0:02:59]}  Nc6 {[%clk 0:03:00]} 3. Bc4 {[%clk 0:02:59]}  Nf6 {[%clk 0:03:00]} 4. d3 {[%clk 0:02:56]}  Be7 {[%clk 0:03:00]} 5. a3 {[%clk 0:02:55]}  d6 {[%clk 0:03:00]} 6. f4 {[%clk 0:02:55]}  exf4 {[%clk 0:03:00]} 7. Nf3 {[%clk 0:02:55]}  Be6 {[%clk 0:02:53]} 8. Bxe6 {[%clk 0:02:54]}  fxe6 {[%clk 0:02:54]} 9. Bxf4 {[%clk 0:02:54]}  e5 {[%clk 0:02:51]} 10. Bg3 {[%clk 0:02:46]}  Qd7 {[%clk 0:02:50]} 11. O-O {[%clk 0:02:46]}  O-O-O {[%clk 0:02:48]} 12. b4 {[%clk 0:02:46]}  h5 {[%clk 0:02:43]} 13. b5 {[%clk 0:02:40]}  Nb8 {[%clk 0:02:41]} 14. a4 {[%clk 0:02:37]}  Ng4 {[%clk 0:02:32]} 15. Qd2 {[%clk 0:02:31]}  h4 {[%clk 0:02:30]} 16. Bf2 {[%clk 0:02:31]}  Nxf2 {[%clk 0:02:26]} 17. Qxf2 {[%clk 0:02:32]}  g5 {[%clk 0:02:25]} 18. Qxa7 {[%clk 0:02:28]}  g4 {[%clk 0:02:22]} 19. Nd2 {[%clk 0:02:22]}  Bg5 {[%clk 0:02:16]} 20. Nc4 {[%clk 0:02:21]}  Bf4 {[%clk 0:01:31]} 21. Nd5 {[%clk 0:02:19]}  Qg7 {[%clk 0:01:16]} 22. a5 {[%clk 0:01:52]}  Rdf8 {[%clk 0:00:23]} 23. a6 {[%clk 0:01:48]}  bxa6 {[%clk 0:00:14]} 24. Ncb6+ {[%clk 0:01:40]}  Kd8 {[%clk 0:00:07]} 25. Qxb8# {[%clk 0:01:39]} 1-0

[Event "April 9 Early 2024"]
[Site "Chess.com"]
[Date "2024.04.09"]
[Round "6"]
[White "Krivenko, Dion"]
[Black "Kosteniuk, Alexandra"]
[Result "0-1"]
[Board "143"]
[WhiteFideId "4508378"]
[BlackFideId "4128125"]
[WhiteTitle "CM"]
[BlackTitle "GM"]
[WhiteElo "2455"]
[BlackElo "2741"]
[WhiteTeam "EST"]
[BlackTeam "SUI"]
[WhiteClock "0:00:12"]
[BlackClock "0:01:25"]
[Variant "Standard"]

1. Nc3 {[%clk 0:02:59]}  c6 {[%clk 0:02:55]} 2. d4 {[%clk 0:02:55]}  d5 {[%clk 0:02:55]} 3. Bf4 {[%clk 0:02:55]}  g6 {[%clk 0:02:53]} 4. h4 {[%clk 0:02:54]}  h5 {[%clk 0:02:50]} 5. e3 {[%clk 0:02:47]}  Bg7 {[%clk 0:02:49]} 6. Nh3 {[%clk 0:02:46]}  Nh6 {[%clk 0:02:49]} 7. Ng5 {[%clk 0:02:44]}  Nf5 {[%clk 0:02:49]} 8. Be2 {[%clk 0:02:38]}  Nd7 {[%clk 0:02:47]} 9. Qd2 {[%clk 0:02:37]}  e5 {[%clk 0:02:45]} 10. dxe5 {[%clk 0:02:33]}  Nxe5 {[%clk 0:02:43]} 11. O-O-O {[%clk 0:02:30]}  Qe7 {[%clk 0:02:27]} 12. e4 {[%clk 0:02:20]}  dxe4 {[%clk 0:02:27]} 13. Ncxe4 {[%clk 0:02:16]}  O-O {[%clk 0:02:27]} 14. Qa5 {[%clk 0:01:22]}  b6 {[%clk 0:02:20]} 15. Qa4 {[%clk 0:01:16]}  Bb7 {[%clk 0:02:15]} 16. Rhe1 {[%clk 0:01:14]}  a5 {[%clk 0:02:06]} 17. Qb3 {[%clk 0:00:55]}  b5 {[%clk 0:02:02]} 18. Qh3 {[%clk 0:00:55]}  Bc8 {[%clk 0:01:39]} 19. Qh2 {[%clk 0:00:47]}  a4 {[%clk 0:01:34]} 20. Nf3 {[%clk 0:00:34]}  Ng4 {[%clk 0:01:29]} 21. Qg1 {[%clk 0:00:18]}  Qxe4 {[%clk 0:01:28]} 22. Bd2 {[%clk 0:00:16]}  a3 {[%clk 0:01:26]} 23. Bd3 {[%clk 0:00:15]}  axb2+ {[%clk 0:01:25]} 24. Kb1 {[%clk 0:00:12]}  Qa4 {[%clk 0:01:25]} 0-1

[Event "April 9 Early 2024"]
[Site "Chess.com"]
[Date "2024.04.09"]
[Round "6"]
[White "Zheenbekov, Nurgazy"]
[Black "Tarhan, Adar"]
[Result "0-1"]
[Board "144"]
[WhiteFideId "13800485"]
[BlackFideId "34544712"]
[BlackTitle "IM"]
[WhiteElo "2454"]
[BlackElo "2713"]
[WhiteTeam "KGZ"]
[BlackTeam "TUR"]
[WhiteClock "0:00:00"]
[BlackClock "0:02:13"]
[Variant "Standard"]

1. c4 {[%clk 0:02:59]}  e6 {[%clk 0:03:00]} 2. d4 {[%clk 0:02:58]}  d5 {[%clk 0:03:01]} 3. Nc3 {[%clk 0:02:57]}  Nf6 {[%clk 0:03:01]} 4. Bf4 {[%clk 0:02:56]}  dxc4 {[%clk 0:02:59]} 5. Nf3 {[%clk 0:02:38]}  a6 {[%clk 0:02:58]} 6. g3 {[%clk 0:02:14]}  b5 {[%clk 0:02:56]} 7. Bg2 {[%clk 0:02:14]}  Bb7 {[%clk 0:02:56]} 8. O-O {[%clk 0:02:13]}  Nbd7 {[%clk 0:02:56]} 9. Qc2 {[%clk 0:01:25]}  Bb4 {[%clk 0:02:53]} 10. b3 {[%clk 0:01:12]}  cxb3 {[%clk 0:02:46]} 11. Qxb3 {[%clk 0:01:11]}  Bxc3 {[%clk 0:02:42]} 12. Qxc3 {[%clk 0:01:11]}  Nd5 {[%clk 0:02:43]} 13. Qc2 {[%clk 0:01:02]}  Rc8 {[%clk 0:02:41]} 14. Bd2 {[%clk 0:00:53]}  c5 {[%clk 0:02:39]} 15. e4 {[%clk 0:00:44]}  cxd4 {[%clk 0:02:37]} 16. Qd3 {[%clk 0:00:35]}  Nc3 {[%clk 0:02:34]} 17. Rfe1 {[%clk 0:00:18]}  Nc5 {[%clk 0:02:32]} 18. Qc2 {[%clk 0:00:17]}  Bxe4 {[%clk 0:02:31]} 19. Qb2 {[%clk 0:00:11]}  O-O {[%clk 0:02:28]} 20. Bf4 {[%clk 0:00:06]}  Nd3 {[%clk 0:02:27]} 21. Qd2 {[%clk 0:00:05]}  Nxe1 {[%clk 0:02:27]} 22. Rxe1 {[%clk 0:00:04]}  Qd5 {[%clk 0:02:27]} 23. Nh4 {[%clk 0:00:03]}  Bxg2 {[%clk 0:02:27]} 24. Nxg2 {[%clk 0:00:03]}  Qxa2 {[%clk 0:02:27]} 25. Qd3 {[%clk 0:00:03]}  Qc4 {[%clk 0:02:26]} 26. Qd2 {[%clk 0:00:03]}  b4 {[%clk 0:02:21]} 27. h4 {[%clk 0:00:03]}  b3 {[%clk 0:02:20]} 28. h5 {[%clk 0:00:03]}  a5 {[%clk 0:02:16]} 29. h6 {[%clk 0:00:03]}  a4 {[%clk 0:02:16]} 30. hxg7 {[%clk 0:00:03]}  Rfd8 {[%clk 0:02:16]} 31. Be5 {[%clk 0:00:02]}  a3 {[%clk 0:02:14]} 32. Nf4 {[%clk 0:00:02]}  b2 {[%clk 0:02:14]} 33. Nh5 {[%clk 0:00:00]}  Nd5 {[%clk 0:02:13]} 0-1